[Event "SRB-chT 1st League CS"]
[Site "Banja Vrujci"]
[Date "2022.10.03"]
[Round "3.6"]
[White "Nikolic, Vladimir"]
[Black "Zivkovic, Dejan"]
[Result "1/2-1/2"]
[WhiteElo "2011"]
[BlackElo "2285"]
[PlyCount "23"]
[EventDate "2022.10.01"]
[EventType "team-tourn"]
[EventRounds "11"]
[EventCountry "SRB"]
[SourceTitle "CBM 210 Extra"]
[Source "ChessBase"]
[SourceDate "2022.11.30"]
[SourceVersion "1"]
[SourceVersionDate "2022.11.30"]
[SourceQuality "1"]
[WhiteTeam "Kragujevac Radnicki"]
[BlackTeam "Krupanj"]
[WhiteTeamCountry "SRB"]
[BlackTeamCountry "SRB"]

1. Nf3 Nf6 2. g3 b5 3. Bg2 Bb7 4. Na3 a6 5. c4 b4 6. Nc2 e6 7. 0-0 Be7 8. d4 a5 9. Bg5 h6 10. Bxf6 Bxf6 11. Qd3 d5 12. cxd5 1/2-1/2

[Event "SRB-chT 2nd League West"]
[Site "Kragujevac"]
[Date "2019.10.06"]
[Round "11.4"]
[White "Zivkovic, Dejan"]
[Black "Bugarcic, Ivan"]
[Result "1/2-1/2"]
[WhiteElo "2310"]
[BlackElo "2178"]
[PlyCount "82"]
[EventDate "2019.09.06"]
[EventType "team-tourn"]
[EventRounds "11"]
[EventCountry "SRB"]
[SourceTitle "EXT 2020"]
[Source "ChessBase"]
[SourceDate "2019.10.17"]
[SourceVersion "1"]
[SourceVersionDate "2019.10.17"]
[SourceQuality "1"]
[WhiteTeam "Krupanj"]
[BlackTeam "Ivanjica"]
[WhiteTeamCountry "SRB"]
[BlackTeamCountry "SRB"]

1. g3 d5 2. Bg2 e6 3. b3 f5 4. Bb2 Nf6 5. c4 c6 6. Nf3 Bd6 7. 0-0 Nbd7 8. d4 0-0 9. Nbd2 Ne4 10. Ne1 Bb4 11. Nxe4 fxe4 12. f3 Qg5 13. fxe4 Qe3+ 14. Kh1 Rxf1+ 15. Bxf1 Qxe4+ 16. Bg2 Qg6 17. Nd3 Bd6 18. Ne5 Nxe5 19. dxe5 Be7 20. e4 dxc4 21. bxc4 b6 22. Qa4 Qe8 23. Rd1 Bd7 24. Bh3 Kh8 25. Ba3 b5 26. cxb5 cxb5 27. Qa5 Bc6 28. Bxe7 Bxe4+ 29. Bg2 Bxg2+ 30. Kxg2 Qxe7 31. Qxb5 Rd8 32. Rd6 Rf8 33. Qd7 Qg5 34. Qxe6 Qe3 35. Kh3 Qe2 36. Rd4 g5 37. Qh6 Qf1+ 38. Kg4 Qe2+ 39. Kh3 Qf1+ 40. Kg4 Qe2+ 41. Kh3 Qf1+ 1/2-1/2

[Event "SRB-chT 2nd League West"]
[Site "Kragujevac"]
[Date "2019.10.04"]
[Round "7.4"]
[White "Zivkovic, Dejan"]
[Black "Brajovic, Miroljub"]
[Result "0-1"]
[WhiteElo "2310"]
[BlackElo "2141"]
[PlyCount "80"]
[EventDate "2019.09.06"]
[EventType "team-tourn"]
[EventRounds "11"]
[EventCountry "SRB"]
[SourceTitle "EXT 2020"]
[Source "ChessBase"]
[SourceDate "2019.10.17"]
[SourceVersion "1"]
[SourceVersionDate "2019.10.17"]
[SourceQuality "1"]
[WhiteTeam "Krupanj"]
[BlackTeam "Prijepolje Priko"]
[WhiteTeamCountry "SRB"]
[BlackTeamCountry "SRB"]

1. d4 Nf6 2. Bg5 Ne4 3. Bf4 c5 4. f3 Nf6 5. d5 Qb6 6. Be5 d6 7. Bc3 e5 8. e4 Be7 9. Bd3 Nh5 10. g3 0-0 11. Na3 g6 12. Qe2 Qc7 13. Nb5 Qd8 14. a4 Na6 15. Na3 Nc7 16. b4 cxb4 17. Bxb4 a5 18. Bd2 Na6 19. g4 Bh4+ 20. Kd1 Ng7 21. Nc4 Nc5 22. Be3 b6 23. Nh3 Ba6 24. Bxc5 bxc5 25. Nxe5 Bxd3 26. Nxd3 Rb8 27. Qd2 Bf6 28. Rc1 c4 29. Ndf2 Rb4 30. g5 Bb2 31. Rb1 Qd7 32. Ng4 Qxa4 33. Nf4 Qa2 34. Ke2 c3 35. Qd3 Qa4 36. Ke3 Qb5 37. Nf6+ Kh8 38. h4 Qb6+ 39. Ke2 Rd4 40. h5 Rxd3 0-1

[Event "SRB-chT 2nd League West"]
[Site "Kragujevac"]
[Date "2019.10.03"]
[Round "6.4"]
[White "Bojovic, Zoran"]
[Black "Zivkovic, Dejan"]
[Result "0-1"]
[WhiteElo "2097"]
[BlackElo "2310"]
[PlyCount "118"]
[EventDate "2019.09.06"]
[EventType "team-tourn"]
[EventRounds "11"]
[EventCountry "SRB"]
[SourceTitle "EXT 2020"]
[Source "ChessBase"]
[SourceDate "2019.10.17"]
[SourceVersion "1"]
[SourceVersionDate "2019.10.17"]
[SourceQuality "1"]
[WhiteTeam "Aleksandrovac"]
[BlackTeam "Krupanj"]
[WhiteTeamCountry "SRB"]
[BlackTeamCountry "SRB"]

1. e4 c6 2. d4 d5 3. Nc3 g6 4. h3 Bg7 5. Nf3 dxe4 6. Nxe4 Nf6 7. Nxf6+ Bxf6 8. Bh6 c5 9. c3 Qb6 10. Qd2 cxd4 11. Nxd4 Bd7 12. Be2 Nc6 13. Nb3 0-0-0 14. Qe3 Qxe3 15. Bxe3 b6 16. 0-0 Bf5 17. Rfd1 Bc2 18. Rd2 Rxd2 19. Nxd2 Rd8 20. Rc1 Bf5 21. a4 Ne5 22. Bd4 Nd7 23. Be3 Ne5 24. Bd4 Nd7 25. Nf3 e5 26. Be3 Nc5 27. Bxc5 bxc5 28. Rd1 Rxd1+ 29. Bxd1 Be6 30. Kf1 Kc7 31. Ke2 Bg7 32. Ng5 Bc4+ 33. Ke1 h6 34. Ne4 Bf8 35. Bc2 f5 36. Nd2 Be6 37. Ke2 g5 38. b3 Bg7 39. f3 h5 40. Nf1 g4 41. hxg4 hxg4 42. fxg4 f4 43. Kf3 Bd5+ 44. Be4 Bxb3 45. a5 Bd1+ 46. Kf2 Bxg4 47. g3 Bh6 48. Nh2 fxg3+ 49. Kxg3 Bd1 50. Nf3 Kd6 51. c4 Be2 52. Bd5 Bd3 53. Ne1 Bf5 54. Nf3 Be3 55. Nh4 Bc8 56. Nf3 Be6 57. Bxe6 Kxe6 58. Ne1 e4 59. Nc2 Bg1 0-1

[Event "SRB-chT 1st League"]
[Site "Banja Vrujci"]
[Date "2017.09.24"]
[Round "11.4"]
[White "Rabrenovic, Vladan"]
[Black "Zivkovic, Dejan"]
[Result "1-0"]
[WhiteElo "2337"]
[BlackElo "2302"]
[PlyCount "76"]
[EventDate "2017.09.16"]
[EventType "team"]
[EventRounds "11"]
[EventCountry "SRB"]
[SourceTitle "EXT 2018"]
[Source "ChessBase"]
[SourceDate "2017.10.13"]
[SourceVersion "1"]
[SourceVersionDate "2017.10.13"]
[SourceQuality "1"]
[WhiteTeam "Gornji Milanovac Metalac"]
[BlackTeam "Vladimirci"]
[WhiteTeamCountry "SRB"]
[BlackTeamCountry "SRB"]

1. d4 b5 2. Nf3 Bb7 3. e3 a6 4. Bd3 e6 5. 0-0 Nf6 6. Nbd2 c5 7. c3 Nc6 8. e4 cxd4 9. cxd4 d5 10. e5 Nd7 11. Nb3 Be7 12. Be3 0-0 13. Rc1 Rc8 14. Bb1 b4 15. Qd3 g6 16. Bh6 Re8 17. Qe3 f5 18. Bg5 a5 19. Bxe7 Rxe7 20. Nc5 Nxc5 21. Rxc5 Rec7 22. Rfc1 Qe7 23. Kh1 Nb8 24. Bd3 Ba6 25. Ne1 Rxc5 26. dxc5 Bxd3 27. Nxd3 Nc6 28. g3 a4 29. h4 Rb8 30. Kg2 b3 31. a3 Na5 32. Qd4 Nc4 33. Nf4 Rd8 34. Nxe6 Qxe6 35. Rxc4 dxc4 36. Qxd8+ Kf7 37. Qd4 Ke7 38. Kf3 Qa6 1-0

[Event "SRB-chT 1st League"]
[Site "Banja Vrujci"]
[Date "2017.09.18"]
[Round "4.2"]
[White "Merdovic, Miroljub"]
[Black "Zivkovic, Dejan"]
[Result "0-1"]
[WhiteElo "2137"]
[BlackElo "2302"]
[PlyCount "70"]
[EventDate "2017.09.16"]
[EventType "team"]
[EventRounds "11"]
[EventCountry "SRB"]
[SourceTitle "CBM 180 Extra"]
[Source "ChessBase"]
[SourceDate "2017.10.06"]
[SourceVersion "1"]
[SourceVersionDate "2017.10.06"]
[SourceQuality "1"]
[WhiteTeam "Sabac"]
[BlackTeam "Vladimirci"]
[WhiteTeamCountry "SRB"]
[BlackTeamCountry "SRB"]

1. d4 d5 2. Nf3 Nf6 3. g3 c6 4. Bg2 Bf5 5. c4 e6 6. Nc3 Nbd7 7. Nh4 Bg4 8. h3 Bh5 9. cxd5 Nxd5 10. 0-0 Be7 11. Nf3 Bg6 12. Ne1 N7f6 13. Nd3 Qa5 14. Ne5 Nxc3 15. bxc3 Be4 16. Qb3 Bxg2 17. Qxb7 0-0 18. Kxg2 Bd6 19. Qxc6 Bxe5 20. dxe5 Rac8 21. Qf3 Qxe5 22. Ba3 Rfe8 23. Rac1 Rc4 24. Rfd1 Nd5 25. e4 Nb6 26. Rd4 Qa5 27. Bb4 Qxa2 28. Rcd1 Rcc8 29. Qh5 e5 30. R4d2 Qc4 31. Qf3 Qc7 32. Qf5 g6 33. Qf6 Qb7 34. Qf3 f5 35. exf5 e4 0-1

[Event "SRB-chT Cup"]
[Site "Kragujevac"]
[Date "2016.04.23"]
[Round "6.1"]
[White "Radosavljevic, Slobodan S"]
[Black "Zivkovic, Dejan"]
[Result "1/2-1/2"]
[WhiteElo "2156"]
[BlackElo "2304"]
[PlyCount "95"]
[EventDate "2016.04.20"]
[EventType "team-swiss"]
[EventRounds "7"]
[EventCountry "SRB"]
[SourceTitle "CBM 172 Extra"]
[Source "ChessBase"]
[SourceDate "2016.06.21"]
[SourceVersion "1"]
[SourceVersionDate "2016.06.21"]
[SourceQuality "1"]
[WhiteTeam "Cacak Borac"]
[BlackTeam "Vladimirci"]
[WhiteTeamCountry "SRB"]
[BlackTeamCountry "SRB"]

1. d4 Nf6 2. Nf3 b5 3. e3 a6 4. c4 b4 5. a3 e6 6. Bd2 bxa3 7. bxa3 c5 8. Nc3 Bb7 9. Be2 Qc7 10. 0-0 Be7 11. Qb3 cxd4 12. exd4 Ne4 13. Be3 d6 14. Rfc1 Nd7 15. a4 Bf6 16. a5 Rb8 17. Qa3 0-0 18. Nxe4 Bxe4 19. Nd2 Bg6 20. f3 e5 21. Qc3 Rfe8 22. Bf1 exd4 23. Bxd4 Bxd4+ 24. Qxd4 Qc5 25. Qxc5 Nxc5 26. Re1 Rxe1 27. Rxe1 Kf8 28. f4 Rb2 29. Nf3 Rb1 30. Rxb1 Bxb1 31. Nd2 Bc2 32. Kf2 Nb7 33. Ke3 Nxa5 34. c5 dxc5 35. Bxa6 Ke7 36. Nf3 f6 37. g4 Bd1 38. g5 Bxf3 39. Kxf3 fxg5 40. fxg5 Kd6 41. Bd3 g6 42. h4 Nc6 43. Kf4 Ne5 44. Be4 c4 45. h5 c3 46. Ke3 Kc5 47. hxg6 hxg6 48. Bc2 1/2-1/2

[Event "SRB-chT Cup"]
[Site "Kragujevac"]
[Date "2016.04.20"]
[Round "1.2"]
[White "Jakovljevic, Nenad"]
[Black "Zivkovic, Dejan"]
[Result "1/2-1/2"]
[WhiteElo "2113"]
[BlackElo "2304"]
[PlyCount "80"]
[EventDate "2016.04.20"]
[EventType "team-swiss"]
[EventRounds "7"]
[EventCountry "SRB"]
[SourceTitle "EXT 2017"]
[Source "ChessBase"]
[SourceDate "2016.10.25"]
[SourceVersion "1"]
[SourceVersionDate "2016.10.25"]
[SourceQuality "1"]
[WhiteTeam "Cumic Prota"]
[BlackTeam "Vladimirci"]
[WhiteTeamCountry "SRB"]
[BlackTeamCountry "SRB"]

1. e4 c6 2. d4 d5 3. Nd2 dxe4 4. Nxe4 Bf5 5. Ng3 Bg6 6. Nf3 Nd7 7. h4 h6 8. h5 Bh7 9. Bd3 Bxd3 10. Qxd3 e6 11. Bd2 Ngf6 12. 0-0-0 Qc7 13. Ne4 0-0-0 14. g3 Nxe4 15. Qxe4 Bd6 16. c4 Nf6 17. Qe2 c5 18. Bc3 cxd4 19. Nxd4 a6 20. Nf3 Bc5 21. Ne5 Rxd1+ 22. Rxd1 Rd8 23. Rxd8+ Kxd8 24. Kc2 Ke8 25. b4 Bd6 26. Kb3 Bxe5 27. Bxe5 Qc6 28. Bxf6 gxf6 29. g4 Qh1 30. f3 f5 31. gxf5 Qb1+ 32. Kc3 Qxf5 33. Qe4 Qxe4 34. fxe4 f6 35. c5 Kd7 36. a4 Kc7 37. b5 axb5 38. axb5 Kd7 39. Kb4 Kc7 40. Ka5 Kb8 1/2-1/2

[Event "SRB-chT2 West"]
[Site "Kragujevac"]
[Date "2015.10.10"]
[Round "9.3"]
[White "Zajic, Milun"]
[Black "Zivkovic, Dejan"]
[Result "0-1"]
[WhiteElo "2037"]
[BlackElo "2291"]
[PlyCount "116"]
[EventDate "2015.09.04"]
[EventType "team-tourn"]
[EventRounds "11"]
[EventCountry "SRB"]
[SourceTitle "EXT 2022"]
[Source "ChessBase"]
[SourceDate "2021.10.06"]
[SourceVersion "1"]
[SourceVersionDate "2021.10.06"]
[SourceQuality "1"]

1. c4 Nf6 2. g3 c6 3. Bg2 d5 4. cxd5 cxd5 5. Nf3 Nc6 6. 0-0 g6 7. b3 Bg7 8. Bb2 0-0 9. d3 Bf5 10. Nbd2 Qa5 11. Qe1 Rfd8 12. a3 Rac8 13. b4 Qb6 14. Rb1 a6 15. e4 dxe4 16. dxe4 Be6 17. Qe2 Bh6 18. Rfd1 Ne8 19. Nc4 Rxd1+ 20. Rxd1 Qb5 21. Bf1 Nxb4 22. Nd4 Bxc4 23. Nxb5 Bxe2 24. Bxe2 Na2 25. Nd4 Nc3 26. Bxc3 Rxc3 27. a4 Rc1 28. Rxc1 Bxc1 29. Nb3 Bb2 30. Na5 Nd6 31. Nc4 Nxc4 32. Bxc4 Kf8 33. Kf1 e6 34. Ke2 Ke7 35. Kd3 Kd6 36. f4 Kc5 37. Bb3 Kb4 38. Bd1 a5 39. Bc2 Bg7 40. Bd1 Bf8 41. h3 Bc5 42. g4 b5 43. axb5 a4 44. Kc2 Kxb5 45. Kb2 Kb4 46. f5 g5 47. fxe6 fxe6 48. Ka2 e5 49. Kb2 a3+ 50. Ka2 Kc3 51. Bb3 Kd4 52. Bd5 Ke3 53. Kb3 Kf3 54. Kc3 Kg3 55. Kd3 Kxh3 56. Be6 Kg3 57. Kc2 Kf4 58. Kd3 Kf3 0-1

[Event "SRB-chT2 West"]
[Site "Kragujevac"]
[Date "2015.10.09"]
[Round "8.4"]
[White "Drcelic, Sreten"]
[Black "Zivkovic, Dejan"]
[Result "1/2-1/2"]
[WhiteElo "2254"]
[BlackElo "2291"]
[PlyCount "142"]
[EventDate "2015.09.04"]
[EventType "team-tourn"]
[EventRounds "11"]
[EventCountry "SRB"]
[SourceTitle "EXT 2022"]
[Source "ChessBase"]
[SourceDate "2021.10.06"]
[SourceVersion "1"]
[SourceVersionDate "2021.10.06"]
[SourceQuality "1"]

1. Nf3 Nf6 2. g3 b5 3. Bg2 Bb7 4. 0-0 e6 5. d3 Be7 6. c3 c5 7. Qb3 a6 8. a4 b4 9. cxb4 cxb4 10. a5 d5 11. Be3 Nc6 12. Bb6 Qd6 13. Nd4 Nd7 14. Nxc6 Bxc6 15. Be3 0-0 16. Rc1 Rac8 17. Qd1 Bb5 18. Nd2 Bf6 19. Qb3 Be7 20. Nf3 e5 21. Ne1 d4 22. Bd2 Nc5 23. Qd1 Qe6 24. Bxb4 Rfe8 25. Bxc5 Rxc5 26. Rxc5 Bxc5 27. Nf3 Bb4 28. Nd2 Rc8 29. h4 Rc7 30. Kh2 g6 31. Ne4 h6 32. Rc1 Rxc1 33. Qxc1 Kg7 34. Qc7 Qe7 35. Qxe7 Bxe7 36. Nd2 f5 37. Bd5 Bb4 38. Nc4 Bxc4 39. Bxc4 Bxa5 40. Bxa6 Bc3 41. b3 Bd2 42. Bb7 Kf6 43. Kg2 h5 44. Bc6 Be1 45. Be8 Bd2 46. Kf3 Be1 47. e3 dxe3 48. Kxe3 Bc3 49. Ke2 Bb4 50. Kf1 Bc5 51. Kg2 e4 52. dxe4 fxe4 53. Kf1 Kf5 54. Ke2 Kf6 55. f3 exf3+ 56. Kxf3 g5 57. Bxh5 gxh4 58. gxh4 Kg7 59. Bg4 Be7 60. h5 Kh6 61. Ke4 Kg7 62. Kd5 Ba3 63. Kc4 Be7 64. b4 Bxb4 65. Kxb4 Kh8 66. Kc5 Kg7 67. Kd5 Kh8 68. Ke6 Kg7 69. Kf5 Kh8 70. Kg6 Kg8 71. h6 Kh8 1/2-1/2

[Event "SRB-chT2 West"]
[Site "Sabac"]
[Date "2014.09.26"]
[Round "2.3"]
[White "Tomic, Miroslav Lj"]
[Black "Zivkovic, Dejan"]
[Result "1-0"]
[WhiteElo "2176"]
[BlackElo "2263"]
[PlyCount "92"]
[EventDate "2014.09.25"]
[EventType "team-swiss"]
[EventRounds "6"]
[EventCountry "SRB"]
[SourceTitle "EXT 2015"]
[Source "ChessBase"]
[SourceDate "2014.11.20"]
[SourceVersion "1"]
[SourceVersionDate "2014.11.20"]
[SourceQuality "1"]

1. d4 Nf6 2. Nf3 d5 3. c4 e6 4. Nc3 c6 5. Bg5 Nbd7 6. e3 Qa5 7. Bxf6 Nxf6 8. Bd3 dxc4 9. Bxc4 b5 10. Bd3 Nd5 11. 0-0 Nxc3 12. bxc3 Bb7 13. c4 bxc4 14. Bxc4 Bd6 15. e4 0-0 16. e5 Bb4 17. Qb3 Rab8 18. Rab1 Ba6 19. Rfc1 Rb6 20. Bxa6 Bd2 21. Rc2 Rxb3 22. Rxb3 Qxa6 23. Rxd2 Qc4 24. h3 c5 25. dxc5 Qc1+ 26. Kh2 Qxc5 27. Rbd3 h6 28. Rd8 Rxd8 29. Rxd8+ Kh7 30. Rd2 a5 31. Rd4 Qc2 32. Rd2 Qc4 33. g3 a4 34. Kg2 Qc6 35. Rd6 Qb7 36. Rd4 Qb5 37. h4 f5 38. exf6 gxf6 39. g4 e5 40. Rd6 Qc4 41. Rxf6 Qxg4+ 42. Kf1 Kg7 43. Rf7+ Kg8 44. Nxe5 Qe4 45. Kg1 Qxe5 46. Rf3 Qd5 1-0

[Event "Belgrade Trophy 26th"]
[Site "Belgrade"]
[Date "2012.11.30"]
[Round "7"]
[White "Zivkovic, Dejan"]
[Black "Georgescu, Tiberiu Marian"]
[Result "1/2-1/2"]
[WhiteElo "2235"]
[BlackElo "2403"]
[PlyCount "104"]
[EventDate "2012.11.24"]
[EventType "swiss"]
[EventRounds "9"]
[EventCountry "SRB"]
[SourceTitle "CBM 151 Extra"]
[Source "ChessBase"]
[SourceDate "2012.12.18"]
[SourceVersion "1"]
[SourceVersionDate "2012.12.18"]
[SourceQuality "1"]

1. d4 Nf6 2. Nf3 g6 3. c3 Bg7 4. Bg5 0-0 5. Nbd2 d6 6. e4 c5 7. dxc5 dxc5 8. Be2 Nc6 9. 0-0 h6 10. Bf4 b6 11. Qc2 Nh5 12. Bg3 Nxg3 13. hxg3 Qc7 14. Rfd1 Bb7 15. Nc4 Rad8 16. a4 e6 17. Nfd2 Ba8 18. Na3 h5 19. Ndc4 Ne5 20. Nxe5 Qxe5 21. Bf3 Bc6 22. Re1 Rd7 23. Qe2 Qg5 24. Qa6 Be5 25. Rad1 Rxd1 26. Rxd1 h4 27. gxh4 Qxh4 28. Qxa7 Ra8 29. Qxb6 Bxa4 30. b3 Qh2+ 31. Kf1 Bc7 32. Qxc5 Bxb3 33. Rd7 Qh1+ 34. Ke2 Qc1 35. Qxc7 Qxa3 36. Rd8+ Rxd8 37. Qxd8+ Kh7 38. Qd4 Qa5 39. e5 Qb5+ 40. Ke3 Qf1 41. Kf4 Qc1+ 42. Kg4 Kg7 43. Qe3 Qf1 44. Kg3 Qa1 45. Be2 Qa2 46. Qd3 Qa5 47. Qd4 Qa2 48. Qd3 Qa1 49. Qe3 Qa2 50. Bb5 Bd5 51. Bd3 Bb3 52. Qe2 Qa1 1/2-1/2

[Event "Belgrade Trophy 26th"]
[Site "Belgrade"]
[Date "2012.11.29"]
[Round "6"]
[White "Zivkovic, Dejan"]
[Black "Cabrilo, Goran"]
[Result "0-1"]
[WhiteElo "2235"]
[BlackElo "2442"]
[PlyCount "70"]
[EventDate "2012.11.24"]
[EventType "swiss"]
[EventRounds "9"]
[EventCountry "SRB"]
[SourceTitle "CBM 151 Extra"]
[Source "ChessBase"]
[SourceDate "2012.12.18"]
[SourceVersion "1"]
[SourceVersionDate "2012.12.18"]
[SourceQuality "1"]

1. d4 Nf6 2. Nf3 c5 3. e3 g6 4. Nbd2 Bg7 5. dxc5 Qa5 6. a3 Qxc5 7. b4 Qc7 8. Bb2 0-0 9. c4 b6 10. Be2 Bb7 11. 0-0 d6 12. Rc1 Nbd7 13. Nd4 Rac8 14. Bf3 a6 15. Qe2 Rfe8 16. N4b3 Qb8 17. Rc2 Rc7 18. Rfc1 Rec8 19. Qd3 Qa8 20. h3 h6 21. Kf1 a5 22. Bxb7 Rxb7 23. Nf3 Ra7 24. bxa5 bxa5 25. a4 Rb7 26. c5 Rcb8 27. Nfd4 Nxc5 28. Nxc5 Rxb2 29. Rxb2 Rxb2 30. Ncb3 Ne4 31. Rc2 Rb1+ 32. Ke2 Bxd4 33. exd4 Nf6 34. g3 Qh1 35. Qd2 Qe4+ 0-1

[Event "Belgrade Trophy 26th"]
[Site "Belgrade"]
[Date "2012.11.28"]
[Round "5"]
[White "Cvetkovic, Srdjan"]
[Black "Zivkovic, Dejan"]
[Result "0-1"]
[WhiteElo "2389"]
[BlackElo "2235"]
[PlyCount "65"]
[EventDate "2012.11.24"]
[EventType "swiss"]
[EventRounds "9"]
[EventCountry "SRB"]
[SourceTitle "CBM 151 Extra"]
[Source "ChessBase"]
[SourceDate "2012.12.18"]
[SourceVersion "1"]
[SourceVersionDate "2012.12.18"]
[SourceQuality "1"]

1. c4 Nf6 2. Nc3 d5 3. cxd5 Nxd5 4. g3 g6 5. Bg2 Nb6 6. Nf3 Bg7 7. 0-0 0-0 8. b3 a5 9. Bb2 Na6 10. d3 c6 11. Nd2 Nd5 12. Qc1 Bg4 13. Nxd5 cxd5 14. Bxg7 Kxg7 15. Qb2+ f6 16. Rfe1 Nb4 17. a3 Nc6 18. d4 Qb6 19. e3 Rfd8 20. Rac1 Bf5 21. Rc5 Ne5 22. Bf1 Nd3 23. Bxd3 Bxd3 24. Qc3 Bf5 25. Rc7 Rdc8 26. Rc1 Qd6 27. Rxc8 Rxc8 28. Qb2 Rc6 29. f3 Qc7 30. Rxc6 Qxc6 31. Kf2 Bd3 32. e4 Ba6 33. exd5 0-1

[Event "Belgrade Trophy 25th"]
[Site "Obrenovac"]
[Date "2011.11.26"]
[Round "3"]
[White "Petrovic, Zoran Z"]
[Black "Zivkovic, Dejan"]
[Result "1-0"]
[WhiteElo "2105"]
[BlackElo "2265"]
[PlyCount "111"]
[EventDate "2011.11.24"]
[EventType "swiss"]
[EventRounds "9"]
[EventCountry "YUG"]
[SourceTitle "CBM 145 Extra"]
[Source "ChessBase"]
[SourceDate "2012.01.03"]
[SourceVersion "1"]
[SourceVersionDate "2012.01.03"]
[SourceQuality "1"]

1. e4 c6 2. d4 d5 3. e5 c5 4. c4 cxd4 5. Qxd4 Nc6 6. Qxd5 Qxd5 7. cxd5 Nxe5 8. Nc3 Nf6 9. f4 Ned7 10. Be3 a6 11. a4 g6 12. Be2 Bg7 13. Bf3 0-0 14. Nge2 Ne8 15. 0-0 Nd6 16. b3 Nf6 17. a5 Bf5 18. Rac1 Rac8 19. Na4 Nd7 20. Nd4 Bd3 21. Rfe1 Bf6 22. Rcd1 Bb5 23. Nxb5 axb5 24. Nb6 Nxb6 25. Bxb6 Rc3 26. b4 Rc4 27. g3 Rxb4 28. Rb1 Rxb1 29. Rxb1 Bc3 30. Be2 b4 31. Bc5 Ra8 32. Bb6 Rc8 33. a6 bxa6 34. Bxa6 Ra8 35. Bd3 Ra1 36. Bc5 b3 37. Rxa1 Bxa1 38. Bxd6 exd6 39. Kg2 Kf8 40. Bc4 b2 41. Ba2 Ke7 42. Kf3 Kf6 43. Bb1 h6 44. Ke4 Ke7 45. g4 Kf6 46. Kd4 g5 47. Ke4 Kg6 48. Kf3+ Kf6 49. h4 gxh4 50. Kg2 Kg7 51. Kh3 f6 52. Kxh4 Kf7 53. g5 hxg5+ 54. fxg5 Kf8 55. g6 Kg7 56. Kh5 1-0

[Event "SRB-chT2 West CS"]
[Site "Serbia"]
[Date "2011.10.14"]
[Round "7.2"]
[White "Vuckovic, Lidija"]
[Black "Zivkovic, Dejan"]
[Result "0-1"]
[WhiteElo "1752"]
[BlackElo "2289"]
[PlyCount "88"]
[EventDate "2011.09.11"]
[EventType "team"]
[EventRounds "11"]
[EventCountry "SRB"]
[SourceTitle "EXT 2015"]
[Source "ChessBase"]
[SourceDate "2014.11.20"]
[SourceVersion "1"]
[SourceVersionDate "2014.11.20"]
[SourceQuality "1"]

1. d4 Nf6 2. Bf4 d5 3. e3 c5 4. c3 Nc6 5. h3 Qb6 6. Qb3 c4 7. Qc2 Bf5 8. Qc1 e6 9. Nd2 Be7 10. Ngf3 h6 11. Be2 0-0 12. 0-0 Rfc8 13. Ne5 Nxe5 14. dxe5 Nd7 15. g4 Bg6 16. Nf3 Nc5 17. Nd4 Na4 18. Bg3 Qxb2 19. Qxb2 Nxb2 20. f4 Be4 21. a4 Nd3 22. f5 Nc5 23. f6 gxf6 24. exf6 Bf8 25. h4 Nb3 26. Ra2 Nxd4 27. exd4 Rc6 28. Rb2 Rb6 29. Rb5 Rxb5 30. axb5 a5 31. Ra1 a4 32. Bc7 a3 33. g5 a2 34. Kf2 Bb1 35. Bh5 hxg5 36. hxg5 Ra3 37. Be5 Rxc3 38. Bg4 Rb3 39. Bxe6 fxe6 40. Rxa2 Bxa2 41. g6 Bb4 42. Bf4 Rh3 43. Kg2 Rh4 44. Kf3 Rxf4+ 0-1